LEADER 01152nam--2200373---450- 001 990006056680203316 005 20150928130738.0 035 $a000605668 035 $aUSA01000605668 035 $a(ALEPH)000605668USA01 035 $a000605668 100 $a20150706d1901----km-y0itay50------ba 101 $aita 102 $aIT 105 $a||||||||001yy 200 1 $a<>eresia di Matteo Palmieri cittadin fiorentino$fGiuseppe Boffito 210 $aTorino$cErmanno Loescher$d1901 215 $a69 p.$d24 cm 300 $aGią pubblicato in: Giornale storico della letteratura italiana, vol. 37, p. 1 410 0$12001 454 1$12001 600 1$aPalmieri,$bMatteo$xEresie$2BNCF 676 $a273.6092 700 1$aBOFFITO,$bGiuseppe$054567 801 0$aIT$bsalbc$gISBD 912 $a990006056680203316 951 $aFC.OE. 649$b759 FCil$cFC.OE.$d377767 959 $aBK 969 $aFCIL 979 $aGENEROSO$b90$c20150706$lUSA01$h1316 979 $aGENEROSO$b90$c20150928$lUSA01$h1257 979 $aGENEROSO$b90$c20150928$lUSA01$h1307 996 $aEresia di Matteo Palmieri cittadin fiorentino$91102966 997 $aUNISA LEADER 01114nam0-2200349---450 001 990009413570403321 005 20240201153131.0 010 $a978-3-0343-0543-3 035 $a000941357 035 $aFED01000941357 035 $a(Aleph)000941357FED01 100 $a20110901d2011----km-y0itay50------ba 101 0 $aeng 102 $aCH 105 $ay-------001yy 200 1 $aNew studies on lex regia$eright, philology and fides historica in Holland between the 17th and 18th centuries$fFabrizio Lomonaco 210 $aBern ; New York$cPeter Lang$d©2011 215 $a351 p.$d21 cm 225 1 $aStudies in early modern european culture$v5 610 0 $aDiritto$aOlanda$aSec. 17.-18. 610 0 $aLex Regia$aSec. 17-18. 676 $a190 700 1$aLomonaco,$bFabrizio$f<1959- >$04815 801 0$aIT$bUNINA$gRICA$2UNIMARC 901 $aBK 912 $a990009413570403321 952 $aP.1 FG 2312$b61098 bibl.$fFLFBC 952 $aDFT A91.2 LOMF 01$b2023/2163$fFLFBC 952 $a191 LOMF 03$b2024/551$fFLFBC 959 $aFLFBC 996 $aNew studies on lex regia$9759297 997 $aUNINA